Business ethics and business behaviour

Αποθηκεύτηκε σε:
Λεπτομέρειες βιβλιογραφικής εγγραφής
Άλλοι συγγραφείς: Smith, Ken 1948- (Επιμελητής έκδοσης), Johnson, Phil 1955- (Επιμελητής έκδοσης)
Μορφή: Βιβλίο
Γλώσσα:English
Δημοσίευση: London : ITP, 1996
Θέματα:
Ετικέτες: Προσθήκη ετικέτας
Δεν υπάρχουν, Καταχωρήστε ετικέτα πρώτοι!

MARC

LEADER 00000nam a2200000 i 4500
001 1/56438
008 980506s1996 eng d
020 |a 0415113830 
035 |l 10028023 
040 |a GR-MY-UA  |b gre  |e aacr 
041 0 |a eng 
082 0 |a 174.4 
245 1 0 |a Business ethics and business behaviour /  |c edited by: Ken Smith, Phil Johnson 
260 |a London :   |b ITP,   |c 1996 
300 |a xxv, 294 p. 
504 |a Includes index 
650 0 0 |a Business ethics. 
700 1 |a Smith, Ken  |d 1948-  |4 edt 
700 1 |a Johnson, Phil  |d 1955-  |4 edt 
852 |a INST  |b CHIOS  |e 19980506  |h 174.4 BUS  |p 005200016631  |q 005200016631  |t BK  |y 0 
901 |a BIBL-1998-2 
909 |a Χ  |b 054542 
922 |a 2ΕΛΗ  |b 199803  |c ΤΔΕ  |d ΠΑΠΑΣΩΤΗΡΙΟΥ